Catálogo - Centro de Recursos para el Aprendizaje y la Investigación

Volver al Sitio - CRAI Biblioteca

Constitución política del Perú, 1993 : (Registro nro. 113394)

Detalles MARC
000 -CABECERA
campo de control de longitud fija 00786nam a22002297a 4500
001 - NÚMERO DE CONTROL
campo de control 113394
003 - IDENTIFICADOR DEL NÚMERO DE CONTROL
campo de control DR-UNIBE
005 - FECHA Y HORA DE LA ÚLTIMA TRANSACCIÓN
campo de control 20250402100019.0
008 - DATOS DE LONGITUD FIJA--INFORMACIÓN GENERAL
campo de control de longitud fija 250328b2002 pe ||||| |||| 00| 0 spa d
020 ## - NÚMERO INTERNACIONAL ESTÁNDAR DEL LIBRO
Número Internacional Estándar del Libro 9972424863
040 ## - FUENTE DE LA CATALOGACIÓN
Centro catalogador/agencia de origen BIBLIOTECA UNIBE
Centro/agencia transcriptor BIBLIOTECA UNIBE
Normas de descripción rda
041 ## - CÓDIGO DE LENGUA
Código de lengua del texto/banda sonora o título independiente spa
082 ## - NÚMERO DE LA CLASIFICACIÓN DECIMAL DEWEY
Número de clasificación 342 L253c 2002
100 1# - ENTRADA PRINCIPAL--NOMBRE DE PERSONA
Nombre de persona Landa Arroyo, César
Término indicativo de función/relación autor
9 (RLIN) 193598
100 1# - ENTRADA PRINCIPAL--NOMBRE DE PERSONA
Nombre de persona Velazco Lozada, Ana
Término indicativo de función/relación autor
9 (RLIN) 193599
245 ## - MENCIÓN DE TÍTULO
Título Constitución política del Perú, 1993 :
Resto del título sumillas, reformas constitucionales, índice analítico
Mención de responsabilidad, etc. César Landa Arroyo, Ana Velazco Lozada
250 ## - MENCIÓN DE EDICIÓN
Mención de edición Quinta edición
260 ## - PUBLICACIÓN, DISTRIBUCIÓN, ETC.
Lugar de publicación, distribución, etc. Lima :
Nombre del editor, distribuidor, etc. Instituto Interamericano de los Derechos Humanos,
Fecha de publicación, distribución, etc. 2002
300 ## - DESCRIPCIÓN FÍSICA
Extensión 202 páginas
650 #7 - PUNTO DE ACCESO ADICIONAL DE MATERIA--TÉRMINO DE MATERIA
Término de materia o nombre geográfico como elemento de entrada Constitución
Subdivisión geográfica Perú
9 (RLIN) 193780
942 ## - ELEMENTOS DE PUNTO DE ACCESO ADICIONAL (KOHA)
Fuente del sistema de clasificación o colocación Sistema de Clasificación Decimal Dewey
Tipo de ítem Koha Libro (general)
Existencias
Estado de retiro Estado de pérdida Fuente del sistema de clasificación o colocación No para préstamo Código de colección Localización permanente Fecha de adquisición Total de préstamos Signatura topográfica completa Código de barras Fecha visto por última vez Número de copia Precio válido a partir de Tipo de ítem Koha
  Disponible Sistema de Clasificación Decimal Dewey   General Biblioteca Central UNIBE 01/02/2025   342 L253c 2002 250242 02/04/2025 Ej. 1 02/04/2025 Libro (general)